Contestación al informe inserto en los números III y IV, tomo 2º, páginas 97 y 145 de las décadas médico-quirúrgicas y farmacéuticas ó sea justa vindicación de los autores del reglamento del estudio reunido de Medicina y Cirugía / (Record no. 154214)
[ view plain ]
| 000 -LEADER | |
|---|---|
| campo de control de longitud fija | 01312nam a2200217 i 4500 |
| 001 - NÚMERO DE CONTROL | |
| campo de control | 154214 |
| 003 - IDENTIFICADOR DE NÚMERO DE CONTROL | |
| campo de control | ES-MaACL |
| 005 - FECHA Y HORA DE LA ÚLTIMA TRANSACCIÓN | |
| campo de control | 20250806054528.0 |
| 008 - DATOS DE LONGITUD FIJA--INFORMACIÓN GENERAL | |
| campo de control de longitud fija | 020717s1822 sp |||| | spa d |
| 100 1# - ENTRADA PRINCIPAL--NOMBRE DE PERSONA | |
| Nombre de persona | Galli i Camps, Lleonard, |
| Fechas asociadas al nombre | 1751-1830 |
| 9 (RLIN) | 53614 |
| 245 10 - MENCIÓN DEL TÍTULO | |
| Título | Contestación al informe inserto en los números III y IV, tomo 2º, páginas 97 y 145 de las décadas médico-quirúrgicas y farmacéuticas ó sea justa vindicación de los autores del reglamento del estudio reunido de Medicina y Cirugía / |
| Mención de responsabilidad, etc. | por ... Leonardo de Galli. |
| 260 ## - PUBLICACIÓN, DISTRIBUCIÓN, ETC. | |
| Lugar de publicación, distribución, etc. | Madrid : |
| Nombre del editor, distribuidor, etc. | [s.n.], |
| Fecha de publicación, distribución, etc. | 1822 ( |
| Fabricante | Imp. que fue de Fuentenebro) |
| 300 ## - DESCRIPCIÓN FÍSICA | |
| Extensión | 148, 194, [1] p. ; |
| Dimensiones | 22 cm. |
| 505 8# - NOTA DE CONTENIDO CON FORMATO | |
| Nota de contenido con formato | Incluye: Reglamento general de reforma para el régimen escolático y económico de las reales escuelas de medicina, cirugía, farmacia, o Arte de curar y para el gobierno de esta facultad en todo el reyno, 194 p. |
| 530 ## - NOTA DISPONIBLE DE FORMULARIO FÍSICO ADICIONAL | |
| Nota de formato físico adicional disponible | Disponible en formato digital. |
| 650 #7 - PUNTO DE ACCESO ADICIONAL DE MATERIA--TÉRMINO DE MATERIA | |
| Término de materia o nombre geográfico como elemento de entrada | Medicina- |
| Subdivisión geográfica | España- |
| Subdivisión cronológica | S.XIX |
| Fuente del encabezamiento o término | |
| 9 (RLIN) | 147760 |
| 740 02 - ENTRADA AGREGADA--TÍTULO RELACIONADO/ANALÍTICO NO CONTROLADO | |
| Título relacionado o analítico no controlado | Décadas médico-quirúrgicas y farmacéuticas. |
| 852 ## - LOCALIZACIÓN | |
| Ubicación | ES-MaACL |
| Número de control de estantería | G-1009 |
| Nota libre | - Enc. hol. |
| -- | . - Donativo de M. de Seoane |
| 856 ## - LOCALIZACIÓN Y ACCESO ELECTRÓNICOS | |
| Identificador Uniforme de Recursos | <a href="http://bibliotecadigitalhispanica.bne.es:80/webclient/DeliveryManager?pid=1882551&custom_att_2=simple_viewer">http://bibliotecadigitalhispanica.bne.es:80/webclient/DeliveryManager?pid=1882551&custom_att_2=simple_viewer</a> |
| Nota pública | Biblioteca Digital Hispánica |
| Estatus retirado | Estado de pérdida | Estado de daño | No para préstamo | Colección | Biblioteca de origen | Biblioteca actual | Ubicación en estantería | Fecha de adquisición | Fuente de adquisición | Total de préstamos | Signatura topográfica completa | Código de barras | Visto por última vez | Precio de reemplazo | Tipo de ítem Koha |
|---|---|---|---|---|---|---|---|---|---|---|---|---|---|---|---|
| Colección digital | Biblioteca del Ateneo de Madrid | Biblioteca del Ateneo de Madrid | Depósito 2 | 17/01/2008 | G-1009 | 1161255 | 23/02/2023 | 23/02/2023 | Libro impreso antiguo |
